| 000 -ლიდერი |
| ფიქსირებული სიგრძის საკონტროლო ველი |
00910nam a22001937a 4500 |
| 003 - საკონტროლო ნომრის იდენტიფიკატორი |
| საკონტროლო ველი |
Ge_BSU |
| 005 - ბოლო ოპერაციის თარიღი და დრო |
| საკონტროლო ველი |
20251006140528.0 |
| 008 - ფიქსირებული სიგრძის მონაცემთა ელემენტები - ზოგადი ინფორმაცია |
| ფიქსირებული სიგრძის საკონტროლო ველი |
251006s1966 ge ||||| |||| 00| 0 geo d |
| 041 ## - ენის კოდი |
| Language code of text/sound track or separate title |
geo |
| 080 ## - უნივერსალური ათობითი კლასიფიკაციის ინდექსი |
| Universal Decimal Classification number |
631.615(479.22) 633/635 შ-20 |
| 100 ## - მთავარი ჩანაწერი - პიროვნების სახელი |
| Personal name |
შამათავა, დ. |
| 9 (RLIN) |
25931 |
| 245 ## - ცნობა სათაურის შესახებ |
| Title |
კოლხეთის დაბლობის ათვისების პერსპექტივები / |
| Statement of responsibility, etc |
დ. შამათავა. |
| 264 ## - წარმოების, გამოცემის, დისტრიბუციის და სხვა ცნობები |
| გამოცემის, წარმოების, დისტრიბუციის... ადგილი |
თბ., |
| გამოცემის, წარმოების, დისტრიბუციის... თარიღი |
1966. |
| 300 ## - ფიზიკური აღწერა |
| Extent |
127 გვ. : |
| Other physical details |
ილ. და ცხრილ., 2 ფ. ცხრილ. ; |
| Dimensions |
20 სმ. |
| 653 ## - INDEX TERM--UNCONTROLLED |
| Uncontrolled term |
კოლხეთის დაბლობის ათვისება |
| 653 ## - INDEX TERM--UNCONTROLLED |
| Uncontrolled term |
დაფნის კულტურა საქართველოში |
| 653 ## - INDEX TERM--UNCONTROLLED |
| Uncontrolled term |
სუბტროპიკული კულტურები საქართველოში |
| 942 ## - ADDED ENTRY ELEMENTS (KOHA) |
| Source of classification or shelving scheme |
|
| Koha item type |
წიგნი |